000 01986nam a2200385 i 4500
001 000047919
003 DO-SdBNP
005 20251020101049.0
007 ta
008 110412t2008 ck ac 001 0dspa d
020 _a9789945111651
040 _aDO-SdBNP
_bspa
_cBNPHU
_erda
041 _aspa
082 4 _a972.93053
_bB174t 2008
_222
100 1 _aBalcácer, Juan Daniel,
_d1949-
_eautor
_4aut.
_96566
245 1 0 _aTrujillo :
_bel tiranicidio de 1961 /
_cJuan Daniel Balcácer.
250 _aTercera edición
264 1 _aBogotá, Colombia
_bTaurus historia,
_c2008.
300 _a540 páginas :
_bilustraciones, retratos ;
_c25 cm.
336 _atexto
_btxt
_2rdacontent
337 _asin mediación
_bn
_2rdamedia
338 _avolumen
_bnc
_2rdacrrier
500 _aIncluye cronología del 30 de mayo, último día de Trujillo.
500 _aIncluye índice onomástico.
500 _aIncluye referencias bibliográficas y notas al pie de páginas.
504 _aBibliografía : páginas 493-518.
505 0 _aIntroducción --
_tEl último día de Trujillo: una cronología --
_tCaudillos y dictadores dominicanos --
_tLa resistencia contra Trujillo --
_tLa conspiración --
_tTrujjillo y la muerte --
_tEl tiranicidio --
_tUna vez muerto Trujillo --
_tTestimonios sobre el ajusticiamiento --
_tEl azar, Arturo Espaillat y Zacarías de la Cruz --
_tRomán Fernández: traidor o víctima? --
_tHistoriografía del 30 de mayo --
_tTrujillo en la narrativa --
_tConsideraciones finales --
_tApéndices --
_tNotas biográficas de los conjurados --
_tFuentes --
_tÍndice onomástico.
586 _aPremio Feria del Libro Eduardo León Jiménez, Mejor libro del año 2007.
590 _aInventariado, 2018/VM
600 1 4 _aTrujillo Molina, Rafael Leónidas,
_d1891-1961
_xMuerte
_910869
650 4 _aHomicidio político
_zRepública Dominicana
_911383
651 4 _aRepública Dominicana
_xPolítica y gobierno
_945
910 _aValidado. Control de calidad MFF
942 _2ddc
_cLBS1
999 _c47407
_d47407